Cultura y desarrollo /
Uloženo v:
| Hlavní autor: | |
|---|---|
| Médium: | Text |
| Témata: | |
| Tagy: |
Přidat tag
Žádné tagy, Buďte první, kdo vytvoří štítek k tomuto záznamu!
|
MARC
| LEADER | 00000 a a2200000 04500 | ||
|---|---|---|---|
| 001 | 44781 | ||
| 003 | |||
| 040 | |||
| 100 | |a Hurtado, Osvaldo | ||
| 245 | |a Cultura y desarrollo / |c Osvaldo Hurtado | ||
| 650 | |a CULTURA | ||
| 650 | |a GRUPOS SOCIALES | ||
| 650 | |a ECONOMIA | ||
| 650 | |a CAMBIO SOCIAL | ||
| 650 | |a PRACTICA RELIGIOSA | ||
| 773 | |g páginas 121-128 | ||
| 999 | |c 29855 |d 29855 | ||
